00359nam a2200109Ia 4500008004100000041000800041100001400049245010600063260003500169300000900204700003600213250110s9999 xx 000 0 und d aeng aNemade V. aEnvironmental Planning Strategies For Ecological Sustainability Of Open Spaces In New Town Aurangabad bM Arch Environment, Punec2009 a100p aGuide Name:Sahastrabuddhe Swati